000 00347nam a22001457a 4500
008 230614b ||||| |||| 00| 0 eng d
020 _a9781269622765
041 _aeng
080 _2FOURTH EDITION
_a311
082 _a311SUL
100 _a25
101 _aSTS
245 _aSTATISTICS INFORMED DECISIONS USING DATA
_cSULLIVAN
942 _2udc
_cBK
999 _c59962
_d59962